| 000 | 01638nam a2200505 i 4500 | ||
|---|---|---|---|
| 001 | 3855 | ||
| 003 | KOSZ 005 | ||
| 005 | 20190723131436.0 | ||
| 008 | 971113s1988 pl a f |000 0 pol | ||
| 015 | _aPB 1988/7302 | ||
| 035 | _a991003195699705066 | ||
| 035 | _a(PL-WaBN)b10860101-48omnis_nlop | ||
| 035 | _ab10860101 | ||
| 035 | _a(OCoLC)830085260 | ||
| 035 | _a(PL)b0000001086010 | ||
| 035 | _a(EXLNZ-48OMNIS_NETWORK)9910410987805606 | ||
| 040 |
_aWA N _cWA N _dKOSZ 005/EG |
||
| 041 | _apol | ||
| 046 | _k1988 | ||
| 080 | _a63 | ||
| 080 | _a664 | ||
| 080 | _a620.2 | ||
| 080 | _a(075.8) | ||
| 100 | 1 |
_aBudzyński, Bogdan _d(1925-2008) _eAutor |
|
| 245 | 1 | 0 |
_aBadania artykułów spożywczych / _cBogdan Budzyński, Piotr Palich. |
| 260 |
_aGdynia : _bWyższa Szkoła Morska. Wydaw. Uczelniane, _c1988. |
||
| 300 |
_a377, [4] s., [2] k. tabl. : _brys. ; _c21 cm. |
||
| 336 |
_2rdacontent _aTekst _btxt |
||
| 337 |
_2rdamedia _aBez urządzenia pośredniczącego _bn |
||
| 338 |
_2rdacarrier _aWolumin _bnc |
||
| 380 | _aKsiążki | ||
| 380 | _aPublikacje dydaktyczne | ||
| 385 |
_mPoziom nauczania _aSzkoły wyższe |
||
| 388 | _a1901-2000 | ||
| 388 | _a1945-1989 | ||
| 504 | _aBibliogr. s. 378, wykaz norm s. 377 i przy rozdz. | ||
| 650 | 7 |
_aŻywność _2DBN |
|
| 650 | 7 | _aTowaroznawstwo | |
| 655 | 7 |
_aPodręczniki akademickie _2DBN |
|
| 658 | _aRolnictwo i leśnictwo | ||
| 700 | 1 |
_aPalich, Piotr _d(1951- ) _eAutor |
|
| 856 |
_uhttp://koha.tu.koszalin.pl/cgi-bin/koha/opac-detail.pl?biblionumber=3855 _yKatalog online BPK |
||
| 942 |
_2UKD _cKS |
||
| 999 |
_c3855 _d3855 |
||